[Event "Treviso Master op 3rd"]
[Site "Treviso"]
[Date "2019.03.30"]
[Round "3.7"]
[White "Pietrobon, Fabio"]
[Black "Gallana, Marco"]
[Result "0-1"]
[WhiteElo "2101"]
[BlackElo "2225"]
[PlyCount "84"]
[EventDate "2019.03.29"]
[EventType "swiss"]
[EventRounds "5"]
[EventCountry "ITA"]
[SourceTitle "EXT 2024"]
[Source "ChessBase"]
[SourceDate "2023.10.10"]
[SourceVersion "1"]
[SourceVersionDate "2023.10.10"]
[SourceQuality "1"]

1. d4 Nf6 2. Bf4 g6 3. e3 Bg7 4. Nf3 0-0 5. Be2 c5 6. c3 b6 7. h3 Bb7 8. 0-0 d6 9. Nbd2 Nbd7 10. a4 a6 11. Qc2 Ra7 12. c4 cxd4 13. exd4 Qa8 14. d5 Rc8 15. Qb1 b5 16. Be3 bxc4 17. Bxa7 Qxa7 18. Bxc4 Nxd5 19. Rc1 Rb8 20. Qa2 e6 21. Rab1 a5 22. Qa3 Nb4 23. Qe3 Qxe3 24. fxe3 Nc5 25. b3 Ne4 26. Rf1 Bh6 27. Nxe4 Bxe4 28. Rbe1 Nc2 29. Re2 Nxe3 30. Rfe1 Nxc4 31. Rxe4 d5 32. Rh4 Be3+ 33. Kh2 Rxb3 34. Rd1 h5 35. Nd4 Rb2 36. Nc6 Kg7 37. Kh1 Kh6 38. Rf1 f5 39. Rxc4 dxc4 40. Nxa5 Rb4 41. Ra1 c3 42. Nc6 Rb6 0-1

[Event "Treviso Master op 3rd"]
[Site "Treviso"]
[Date "2019.03.30"]
[Round "2.6"]
[White "Vuelban, Virgilio"]
[Black "Pietrobon, Fabio"]
[Result "1-0"]
[WhiteElo "2272"]
[BlackElo "2101"]
[PlyCount "59"]
[EventDate "2019.03.29"]
[EventType "swiss"]
[EventRounds "5"]
[EventCountry "ITA"]
[SourceTitle "EXT 2024"]
[Source "ChessBase"]
[SourceDate "2023.10.10"]
[SourceVersion "1"]
[SourceVersionDate "2023.10.10"]
[SourceQuality "1"]

1. e4 c5 2. Nf3 d6 3. d4 cxd4 4. Nxd4 Nf6 5. Nc3 e6 6. Be3 Be7 7. f3 Nc6 8. Qd2 0-0 9. 0-0-0 a6 10. g4 Nxd4 11. Bxd4 b5 12. g5 Nd7 13. h4 Bb7 14. Kb1 Rc8 15. g6 fxg6 16. Bh3 e5 17. Be6+ Kh8 18. h5 g5 19. h6 g6 20. Bxd7 exd4 21. Bxc8 dxc3 22. Qd4+ Bf6 23. e5 Bxc8 24. exf6 Rxf6 25. Rhe1 Bd7 26. Qxc3 Qf8 27. Qc7 Rf7 28. Rxd6 Re7 29. Rxe7 Qxe7 30. Qxd7 1-0

[Event "Treviso Master op 3rd"]
[Site "Treviso"]
[Date "2019.03.29"]
[Round "1.13"]
[White "Pietrobon, Fabio"]
[Black "Pesco, Giuseppe"]
[Result "1-0"]
[WhiteElo "2101"]
[BlackElo "1930"]
[PlyCount "121"]
[EventDate "2019.03.29"]
[EventType "swiss"]
[EventRounds "5"]
[EventCountry "ITA"]
[SourceTitle "EXT 2024"]
[Source "ChessBase"]
[SourceDate "2023.10.10"]
[SourceVersion "1"]
[SourceVersionDate "2023.10.10"]
[SourceQuality "1"]

1. d4 Nf6 2. Bf4 d6 3. e3 g6 4. Nf3 Bg7 5. Be2 Nbd7 6. h3 c5 7. c3 a6 8. 0-0 0-0 9. Nbd2 b5 10. a4 Rb8 11. axb5 axb5 12. Ra7 Qb6 13. Qa1 Bb7 14. Qa5 Qxa5 15. Rxa5 b4 16. Rfa1 bxc3 17. bxc3 Nd5 18. Bg5 Nxc3 19. Bf1 Nd5 20. Rc1 N5f6 21. Bb5 h6 22. Bh4 g5 23. Bg3 cxd4 24. Nxd4 Nc5 25. Nf5 Nfe4 26. Nxe7+ Kh8 27. Bxd6 Nxd6 28. Rxc5 Rfd8 29. Nf1 Bf8 30. Nf5 Ne4 31. Rc1 Rd5 32. Nd4 Bg7 33. Ra7 Bxd4 34. Rxb7 Rxb5 35. Rxb8+ Rxb8 36. exd4 Rd8 37. Rd1 Nc3 38. Rd2 Nd5 39. Ne3 Kg7 40. g3 f6 41. Kg2 Kg6 42. Kf3 h5 43. Ke4 Ne7 44. d5 Nc8 45. Nc4 Nd6+ 46. Kd4 Kf5 47. Nxd6+ Rxd6 48. Kc5 Rd8 49. Kc6 Ke5 50. d6 Rc8+ 51. Kd7 Ra8 52. Ke7 Ra7+ 53. d7 f5 54. Ke8 Rxd7 55. Rxd7 f4 56. Ke7 Ke4 57. Kf6 g4 58. hxg4 hxg4 59. gxf4 Kxf4 60. Kg6 Kf3 61. Kh5 1-0

[Event "Chioggia op-A 09th"]
[Site "Chioggia"]
[Date "2014.10.10"]
[Round "1"]
[White "Ballarin, Gabriele"]
[Black "Pietrobon, Fabio"]
[Result "1-0"]
[WhiteElo "1910"]
[BlackElo "2122"]
[PlyCount "113"]
[EventDate "2014.10.10"]
[EventType "swiss"]
[EventRounds "5"]
[EventCountry "ITA"]
[SourceTitle "EXT 2022"]
[Source "ChessBase"]
[SourceDate "2021.10.06"]
[SourceVersion "1"]
[SourceVersionDate "2021.10.06"]
[SourceQuality "1"]

1. e4 c5 2. Nc3 d6 3. f4 Nc6 4. Bb5 Bd7 5. Nf3 e6 6. 0-0 Be7 7. d3 Qc7 8. a3 a6 9. Bxc6 Bxc6 10. Qe1 Nf6 11. h3 0-0-0 12. b4 d5 13. e5 Nd7 14. bxc5 Nxc5 15. Nd4 Rhg8 16. Bd2 g5 17. f5 g4 18. h4 g3 19. f6 Bf8 20. Rf3 Nd7 21. Bf4 Bc5 22. Qe3 Rg4 23. Nce2 Rxh4 24. Rxg3 h5 25. Rg7 Nf8 26. Qg3 Rg4 27. Rxg4 hxg4 28. Qxg4 Ng6 29. Qg3 Rh8 30. Qe3 Rh4 31. g3 Rh5 32. Qf3 Qb6 33. c3 Rh8 34. Kg2 Rg8 35. Qf1 Qb2 36. Kf3 Bxd4 37. cxd4 Nxf4 38. gxf4 Kb8 39. Qc1 Qxc1 40. Rxc1 Bb5 41. Rc3 Rh8 42. Kg2 Rh4 43. Kg3 Rh1 44. f5 exf5 45. Nf4 Bd7 46. Nxd5 Rg1+ 47. Kf2 Rg4 48. Ke3 Rg3+ 49. Kd2 Rg4 50. Nb6 Bb5 51. d5 f4 52. Ke2 Rg5 53. e6 Re5+ 54. Kf3 fxe6 55. f7 Rf5 56. Rc8+ Ka7 57. f8Q 1-0

[Event "FRA-chT1 1011"]
[Site "France"]
[Date "2010.11.13"]
[Round "2.5"]
[White "Pietrobon, Fabio"]
[Black "Rodriguez, Angel"]
[Result "1-0"]
[WhiteElo "2131"]
[BlackElo "2071"]
[PlyCount "47"]
[EventDate "2010.10.17"]
[EventType "team-tourn"]
[EventRounds "11"]
[EventCountry "FRA"]
[SourceTitle "EXT 2012"]
[Source "ChessBase"]
[SourceDate "2011.11.24"]
[SourceVersion "1"]
[SourceVersionDate "2011.11.24"]
[SourceQuality "1"]

1. d4 f5 2. Nf3 Nf6 3. Bf4 d6 4. e3 g6 5. Bc4 e6 6. Qe2 Bg7 7. Nc3 c6 8. a4 Qe7 9. h3 0-0 10. g4 d5 11. Bd3 fxg4 12. hxg4 Nxg4 13. Ng5 Nf6 14. 0-0-0 Nbd7 15. Rdg1 e5 16. dxe5 Nxe5 17. Bxe5 Qxe5 18. f4 Qe7 19. Rg3 Bf5 20. Bxf5 gxf5 21. Nxh7 Nxh7 22. Qh5 Rf6 23. Qxh7+ Kf8 24. Rhg1 1-0

[Event "Venice Autumn op 11th"]
[Site "Venice"]
[Date "2005.11.01"]
[Round "6"]
[White "Rigo, Gianfrancesco"]
[Black "Pietrobon, Fabio"]
[Result "1-0"]
[WhiteElo "2028"]
[BlackElo "2166"]
[PlyCount "62"]
[EventDate "2005.10.29"]
[EventType "swiss"]
[EventRounds "6"]
[EventCountry "ITA"]
[SourceTitle "EXT 2006"]
[Source "ChessBase"]
[SourceDate "2005.11.24"]
[SourceVersion "1"]
[SourceVersionDate "2005.11.24"]
[SourceQuality "1"]

1. Nf3 Nf6 2. b3 g6 3. Bb2 Bg7 4. g3 0-0 5. Bg2 d6 6. d4 Nbd7 7. 0-0 c5 8. dxc5 Nxc5 9. Nbd2 Bd7 10. Nd4 Qc8 11. Re1 Bh3 12. Bh1 Ng4 13. e4 Bh6 14. N2f3 e5 15. Nb5 Rd8 16. c4 a6 17. Nc3 Qe6 18. Bc1 Bxc1 19. Rxc1 h6 20. Qd2 Kg7 21. Nd5 Rac8 22. b4 Na4 23. Bg2 Bxg2 24. Kxg2 b5 25. cxb5 axb5 26. Qd3 Qd7 27. Nd2 Qa7 28. Qf3 h5 29. h3 Nh6 30. Qf6+ Kh7 31. Nf3 Rb8 1-0

[Event "Venice Autumn op 08th"]
[Site "Venice"]
[Date "2002.10.??"]
[Round "4"]
[White "Pietrobon, Fabio"]
[Black "Rombaldoni, Denis"]
[Result "1-0"]
[WhiteElo "2222"]
[BlackElo "2061"]
[PlyCount "105"]
[EventDate "2002.10.31"]
[EventType "swiss"]
[EventRounds "6"]
[EventCountry "ITA"]
[SourceTitle "EXT 2023"]
[Source "ChessBase"]
[SourceDate "2022.10.05"]
[SourceVersion "1"]
[SourceVersionDate "2022.10.05"]
[SourceQuality "1"]

1. d4 d5 2. Nf3 Nf6 3. Bf4 e6 4. e3 Bd6 5. Bg3 Ne4 6. Nbd2 Nxg3 7. hxg3 Nd7 8. e4 dxe4 9. Nxe4 Be7 10. Bd3 b6 11. Qe2 Bb7 12. 0-0-0 h6 13. Ne5 c6 14. Qh5 Nxe5 15. dxe5 Qc7 16. f4 g6 17. Qe2 0-0-0 18. Ba6 h5 19. Bxb7+ Kxb7 20. c4 a6 21. Kc2 Ka7 22. a3 c5 23. Rxd8 Rxd8 24. Rd1 Rd7 25. Rxd7 Qxd7 26. Qd3 Qxd3+ 27. Kxd3 Kb7 28. a4 Kc6 29. b3 Kc7 30. Kc3 Kc6 31. Kb2 Kc7 32. Ka2 Kb7 33. a5 b5 34. cxb5 axb5 35. Nd6+ Ka6 36. Nxf7 Kxa5 37. Kb2 c4 38. bxc4 bxc4 39. Nh8 g5 40. Ng6 Bc5 41. fxg5 Be3 42. Kc3 Bxg5 43. Kxc4 Kb6 44. Nf8 Kc6 45. Nxe6 Be7 46. Nd4+ Kd7 47. Kd5 Bg5 48. e6+ Ke8 49. Nf5 Bf6 50. Kd6 Bg5 51. Ng7+ Kf8 52. Nxh5 Bd2 53. e7+ 1-0

[Event "Porto San Giorgio op 14th"]
[Site "Porto San Giorgio"]
[Date "2002.08.27"]
[Round "8"]
[White "Aleksic, Nenad"]
[Black "Pietrobon, Fabio"]
[Result "1/2-1/2"]
[WhiteElo "2393"]
[BlackElo "2217"]
[PlyCount "55"]
[EventDate "2002.08.20"]
[EventType "swiss"]
[EventRounds "9"]
[EventCountry "ITA"]
[SourceTitle "CBM 089 Extra"]
[Source "ChessBase"]
[SourceDate "2002.09.10"]
[SourceVersion "2"]
[SourceVersionDate "2002.09.10"]
[SourceQuality "1"]

1. e4 c5 2. Nf3 d6 3. d4 cxd4 4. Nxd4 Nf6 5. Nc3 e6 6. g3 Nc6 7. Bg2 a6 8. 0-0 Be7 9. Be3 0-0 10. f4 Qc7 11. Nxc6 bxc6 12. Na4 Nd7 13. c4 Bb7 14. Rc1 Rad8 15. b3 c5 16. Nc3 Nf6 17. g4 d5 18. exd5 exd5 19. Nxd5 Nxd5 20. cxd5 Rxd5 21. Bxd5 Rd8 22. Bxb7 Rxd1 23. Rfxd1 Qxb7 24. Bxc5 Bh4 25. Bf2 Be7 26. Bc5 Bh4 27. g5 h6 28. gxh6 1/2-1/2

[Event "Asolo op 2nd"]
[Site "Asolo"]
[Date "2002.01.26"]
[Round "2"]
[White "Pietrobon, Fabio"]
[Black "Doric, Darko"]
[Result "0-1"]
[WhiteElo "1969"]
[BlackElo "2253"]
[PlyCount "82"]
[EventDate "2002.01.25"]
[EventType "swiss"]
[EventRounds "5"]
[EventCountry "ITA"]
[SourceTitle "EXT 2024"]
[Source "ChessBase"]
[SourceDate "2023.10.10"]
[SourceVersion "1"]
[SourceVersionDate "2023.10.10"]
[SourceQuality "1"]

1. d4 Nf6 2. Nf3 c5 3. e3 d5 4. Nbd2 Nc6 5. b3 Bg4 6. Bb2 e6 7. Be2 Be7 8. 0-0 0-0 9. c4 cxd4 10. exd4 Qb6 11. c5 Qc7 12. a3 a5 13. Rc1 Rfc8 14. Qc2 b6 15. cxb6 Qxb6 16. Qd3 Rcb8 17. Qc2 Bxf3 18. Bxf3 Nxd4 19. Bxd4 Qxd4 20. Rfd1 Bxa3 21. Ne4 Qe5 22. Nxf6+ Qxf6 23. Rb1 Rc8 24. Qa2 Bb4 25. Rb2 Rc3 26. Rc2 Rac8 27. Rxc3 Rxc3 28. Qa4 g6 29. Qa2 Qf5 30. Qb1 Qe5 31. Qa1 d4 32. Qb1 Qc5 33. Be2 e5 34. Bd3 Kg7 35. f3 Qb6 36. Kh1 Be7 37. Bc4 a4 38. Qe4 Qc5 39. Qd5 Qxd5 40. Bxd5 axb3 41. Rb1 b2 0-1

[Event "Padova op-B 2nd"]
[Site "Padova"]
[Date "1999.12.12"]
[Round "2.10"]
[White "Pietrobon, Fabio"]
[Black "Gubellini, Luciano"]
[Result "0-1"]
[WhiteElo "1732"]
[BlackElo "1600"]
[PlyCount "132"]
[EventDate "1999.12.11"]
[EventType "swiss"]
[EventRounds "6"]
[EventCountry "ITA"]
[SourceTitle "EXT 2024"]
[Source "ChessBase"]
[SourceDate "2023.10.10"]
[SourceVersion "1"]
[SourceVersionDate "2023.10.10"]
[SourceQuality "1"]

1. c4 Nf6 2. g3 d5 3. cxd5 Nxd5 4. Bg2 Nf6 5. Nc3 e6 6. Nf3 Nbd7 7. 0-0 Be7 8. d4 0-0 9. Qc2 c6 10. e4 h6 11. Bf4 Nh5 12. Bd2 Nhf6 13. Rad1 b5 14. Rfe1 Bb7 15. h3 Rc8 16. Qd3 a6 17. Be3 Qc7 18. Nd2 Rfd8 19. f4 c5 20. d5 c4 21. Qe2 Nc5 22. d6 Bxd6 23. e5 Bxg2 24. exd6 Rxd6 25. Qxg2 Nd3 26. Nde4 Nxe4 27. Nxe4 Nxe1 28. Rxe1 Rd3 29. Nf2 Rd5 30. Qe4 Qa5 31. Qb1 Rcd8 32. Kf1 b4 33. Rc1 Qb5 34. Kg1 a5 35. Qc2 Rc8 36. Ne4 Rd3 37. Bf2 Qd5 38. Qe2 f5 39. Nc5 Rxc5 40. Bxc5 Qxc5+ 41. Kh2 Qd5 42. Rc2 Rd1 43. Qg2 Qxg2+ 44. Kxg2 b3 45. axb3 cxb3 46. Re2 Kf7 47. Kf3 Rd4 48. Re3 a4 49. Ke2 Rc4 50. Rd3 Ke7 51. Rd2 e5 52. fxe5 Ke6 53. Kd3 Re4 54. Kc3 Kxe5 55. Rd3 g5 56. Rf3 f4 57. gxf4+ gxf4 58. Rf2 Re3+ 59. Kb4 Rxh3 60. Kxa4 Ke4 61. Kb4 Ke3 62. Rf1 f3 63. Re1+ Kd2 64. Re8 f2 65. Rd8+ Rd3 66. Rf8 Ke2 0-1

[Event "Graticolato op-A U1900 7th"]
[Site "Santa Maria di Sala"]
[Date "1999.11.21"]
[Round "2.4"]
[White "Pietrobon, Fabio"]
[Black "Ballarin, Gabriele"]
[Result "1/2-1/2"]
[WhiteElo "1732"]
[BlackElo "1621"]
[PlyCount "137"]
[EventDate "1999.11.20"]
[EventType "swiss"]
[EventRounds "6"]
[EventCountry "ITA"]
[SourceTitle "EXT 2023"]
[Source "ChessBase"]
[SourceDate "2022.10.05"]
[SourceVersion "1"]
[SourceVersionDate "2022.10.05"]
[SourceQuality "1"]

1. d4 Nf6 2. Nf3 c5 3. c3 b6 4. Bf4 Bb7 5. Nbd2 e6 6. e3 d5 7. Bd3 Nc6 8. 0-0 h6 9. Ne5 Nxe5 10. dxe5 Nd7 11. Qh5 Be7 12. Nf3 Nf8 13. Bb5+ Nd7 14. c4 a6 15. Ba4 b5 16. cxd5 Bxd5 17. Bc2 Bxf3 18. Qxf3 Qc8 19. Rfd1 Nb6 20. Be4 Ra7 21. Bc6+ Kf8 22. Rac1 c4 23. Rc2 Rc7 24. Be4 Nd7 25. a3 Nc5 26. Rcd2 Nb3 27. Rd6 g5 28. Bg3 Kg7 29. Qh5 Nc5 30. Bb1 Rd7 31. Rxd7 Nxd7 32. Qe2 Rd8 33. Qc2 Nf8 34. Rxd8 Qxd8 35. Kf1 Qd5 36. f3 Bc5 37. Ke2 Ng6 38. Qc3 Bb6 39. Be4 Qd8 40. Qb4 Ba5 41. Qd6 Bb6 42. Qxd8 Bxd8 43. Bb7 a5 44. Ba6 b4 45. Bxc4 bxa3 46. bxa3 Bc7 47. f4 Ne7 48. Kd3 Bb6 49. Ke4 Bc5 50. a4 Nf5 51. Bf2 gxf4 52. Kxf4 Ne7 53. Be1 Bb6 54. e4 Ng6+ 55. Kg3 Nxe5 56. Bc3 Bc7 57. h3 Kg6 58. Bxe5 Bxe5+ 59. Kf3 Bd4 60. g4 h5 61. Bb5 Kg5 62. gxh5 Kxh5 63. Be8 Kg6 64. Kg4 Kg7 65. h4 f6 66. h5 Kf8 67. Bd7 Ke7 68. Bc8 Kd6 69. h6 1/2-1/2